000 00400nam a2200145Ia 4500
008 230917s9999||||xx |||||||||||||| ||und||
040 _e105078
_aMAIN
041 _aEnglish
082 _a361 M534S
100 _aMidgley, James
245 0 _aSocial development: the development perspectives in social welfare
260 _aNew Delhi
_bSage Publications
_c1999
300 _aix,194p p.
942 _cBK
999 _c117175
_d117175